| 000 | 01374cad a22002295a 4500 | ||
|---|---|---|---|
| 001 | E147715 | ||
| 008 | 090608s2009 cc f 000 0 eng d | ||
| 035 | _a(Sirsi) u147715 | ||
| 041 | 0 | _aeng | |
| 050 | 0 | 4 | _a333.33 $2 18 |
| 110 | 2 |
_aCushman and Wakefield _9244 |
|
| 245 | 0 | 0 |
_aBusiness briefing _binvesting in Seoul office buildings _h[electronic resource] |
| 260 |
_a[China] _bCushman & Wakefield _c2009 |
||
| 505 | 2 | _aMarket summary -- Korea's economy is showing signs of stabilization -- Regardless of broader structural issues, Seoul will thrive -- Meanwhile, turmoil has thrown up opportunities -- Local companies will support prices and present exit opportunities -- Rents remain resilient despite a rise in vacancies -- Government taking steps to unchoke financing and assist the real estate market -- Currency risks are on the upside and may boost returns -- A good time to start investing | |
| 520 | _aSuggests that the economic downturn has opened up opportunities for investment, particularly in the most severely affected economies, such as Korea, where the Seoul office market is looking increasingly attractive to investors. | ||
| 521 | _aAdvanced | ||
| 590 | _aKA | ||
| 651 | 4 | _aKorea | |
| 690 | _aPROPERTY-COMMERCIAL PROPERTY-COMMERCIAL PROPERTY MARKET | ||
| 856 | 4 | 0 |
_uhttps://www.cushwake.com _zbroken link - no longer available |
| 942 |
_n0 _2ddc |
||
| 999 |
_c109700 _d109700 |
||